Migrantidad : la juventud en una nueva era de deportaciones /

Gorde:
Xehetasun bibliografikoak
Egile nagusia: Heidbrink, Lauren (autor)
Formatua: Liburua
Hizkuntza:gaztelania
Argitaratua: México : UNAM, Centro de Investigaciones Multidisciplinarias sobre Chiapas y la Frontera Sur, 2021, c2021
Gaiak:
Etiketak: Etiketa erantsi
Etiketarik gabe, Izan zaitez lehena erregistro honi etiketa jartzen!

MARC

LEADER 00000nam^a2200000^a^4500
001 000436440
005 20250521000000.0
009 20260310123156.985
020 |a 978-607-30-4493-6 
037 |a Acervo ITESO - Biblioteca 
041 |a ESP 
082 |a 304. 87307281  |b HEI 
100 |a Heidbrink, Lauren  |e (autor) 
245 1 0 |a Migrantidad :  |b la juventud en una nueva era de deportaciones /  |c L. Heidbrink ; tr. por Raúl Berea Núñez. 
264 4 |a México :  |b UNAM, Centro de Investigaciones Multidisciplinarias sobre Chiapas y la Frontera Sur,  |c 2021, c2021 
300 |a 264 p. 
336 |a texto  |b txt  |2 rdacontenido 
337 |a sin mediación  |b n  |2 rdamedio 
338 |a volumen  |b nc  |2 rdasoporte 
500 |a Traducción de: Migranthood: Youth in a New Era of Deportation 
521 |a FIL 2021 DIA 
649 |a XX 
650 |a Migrantes Guatemaltecos -  |z EUA -  |x Condiciones Sociales y Culturales 
650 |a Adolescentes Guatemaltecos -  |z EUA -  |x Condiciones Sociales y Culturales 
650 |a Indígenas de Guatemala -  |x Condiciones Sociales y Culturales 
650 |a Migración -  |z EUA-Guatemala -  |x Tema Principal 
650 |a Deportación -  |z EUA 
650 |a Desarrollo Económico-Social -  |z Guatemala 
650 |a Política Migratoria -  |z Guatemala 
650 |a Política Migratoria -  |z EUA 
650 |a Guatemala -  |x Condiciones Políticas 
650 |a Guatemala -  |x Condiciones Económicas 
650 |a Guatemala -  |x Condiciones Sociales y Culturales 
650 |a EUA -  |x Condiciones Políticas 
910 |a Fondo General 
920 |a Impresos - Libros 
930 |a Colección General 
905 |a 101 
901 |a 0500350599  |b IT1  |c ACC  |i C176470  |u 20250521 
902 |a https://opac.biblio.iteso.mx/vufind/Record/000436440